000 00614nam a22002297a 4500
003 UA-OsUOA
001 98840
007 ta
008 20130418b un ||||| |||| 00| 0 ukr d
100 _aРоллан Р.
090 _a821.133.1
_bР67
942 _cBK
040 _aUA-OsUOA
_brus
_cUA-OsUOA
_dUA-OsUOA
245 _aСобрание сочинений в девяти томах
_b5
300 _a333 с.
955 _a3
041 _arus
080 _a821.133.1
260 _aМ.
_bПравда
_c1983
650 7 _a82 Література. Літературознавство
_2UDC
999 _c385185
_d385185